[Event "C.to Provinciale NA"]
[Site "Napoli ITA"]
[Date "2012.12.20"]
[Round "6"]
[White "Ambrosio, Giuseppe"]
[Black "Taurisano, Vincenzo"]
[WhiteElo "2084"]
[BlackElo "1851"]
[Result "1-0"]
[PlyCount "33"]
[EventDate "2012.11.22"]

1. d4 d5 2. c4 e6 3. Nc3 Nf6 4. Nf3 Be7 5. g3 O-O 6. Bg2 c6 7. O-O Re8 8. Ne5
Nbd7 9. f4 dxc4 10. e4 Nb6 11. Be3 a5 12. Qe2 a4 13. a3 Ra5 14. Kh1 c5 15. Rad1
cxd4 16. Bxd4 Qc7 17. Bxb6 1-0

[Event "C.to Provinciale NA"]
[Site "Napoli ITA"]
[Date "2012.12.20"]
[Round "6"]
[White "Angelotti, Mario"]
[Black "Miccoli, Livio"]
[WhiteElo "1757"]
[BlackElo "1616"]
[Result "1/2-1/2"]
[PlyCount "97"]
[EventDate "2012.11.22"]

1. e4 e6 2. d4 d5 3. Nd2 c5 4. exd5 Qxd5 5. Ngf3 Nc6 6. Bc4 Qh5 7. Ne4 cxd4 8.
Ng3 Qa5+ 9. Bd2 Qc7 10. O-O Nf6 11. Bb3 Bd6 12. Rc1 Bd7 13. c3 Qb6 14. c4 O-O
15. Bg5 Ne8 16. a3 f6 17. Bd2 Kh8 18. Qc2 Bc5 19. Qd3 e5 20. Bc2 g6 21. b4 Be7
22. c5 Qc7 23. Nh4 f5 24. Nxg6+ hxg6 25. Ne2 Kg7 26. f4 e4 27. Qh3 d3 28. Bc3+
Bf6 29. Bxd3 Rh8 30. Qe3 exd3 31. Ng3 Rd8 32. b5 Ne7 33. Qxe7+ Kg8 34. Bxf6
Nxf6 35. Qxf6 Be8 36. Nxf5 gxf5 37. Rf3 Rd7 38. Re1 Bh5 39. Rg3+ Rg7 40. Rxd3
Qxc5+ 41. Kh1 Qc2 42. Rd8+ Kh7 43. Rxh8+ Kxh8 44. Qh6+ Kg8 45. Rg1 Bf7 46. Qd6
Qe4 47. Qd8+ Kh7 48. Qh4+ Kg8 49. Qd8+ 1/2-1/2

[Event "C.to Provinciale NA"]
[Site "Napoli ITA"]
[Date "2013.01.20"]
[Round "6"]
[White "Borrelli, Salvatore"]
[Black "Capozzoli, Silvio"]
[WhiteElo "1937"]
[BlackElo "1860"]
[Result "1-0"]
[PlyCount "101"]
[EventDate "2012.11.22"]

1. d4 Nf6 2. Nf3 g6 3. c4 Bg7 4. e3 O-O 5. Be2 d6 6. Nc3 Nbd7 7. O-O e5 8. dxe5
Nxe5 9. Nxe5 dxe5 10. Qc2 c6 11. e4 h6 12. Be3 Qc7 13. Rfd1 Rd8 14. Rxd8+ Qxd8
15. Rd1 Qc7 16. Qd2 Be6 17. Bxh6 Bh8 18. f3 Qb6+ 19. Be3 Qc7 20. Na4 Nd7 21.
Nc5 Nxc5 22. Bxc5 Bf6 23. Bd6 Qd7 24. Qc3 Qe8 25. f4 Bg7 26. Bxe5 Qf8 27. Bxg7
Qxg7 28. Qxg7+ Kxg7 29. b3 Re8 30. e5 Bf5 31. Rd6 Re7 32. c5 Bb1 33. a3 Ba2 34.
b4 Bb3 35. Bg4 g5 36. g3 gxf4 37. gxf4 Be6 38. f5 Bxf5 39. Bxf5 Rxe5 40. Bc8
Re1+ 41. Kf2 Ra1 42. Bxb7 Ra2+ 43. Ke3 Rxa3+ 44. Rd3 Ra2 45. Rd2 Ra3+ 46. Kd4
Rb3 47. Kc4 Rh3 48. Bxc6 Rh4+ 49. Kb5 a6+ 50. Ka5 Rh6 51. Bb7 1-0

[Event "C.to Provinciale NA"]
[Site "Napoli ITA"]
[Date "2012.12.20"]
[Round "6"]
[White "De Rosa, Francesco"]
[Black "Gallo, Thomas Renato"]
[WhiteElo "1933"]
[BlackElo "1893"]
[Result "0-1"]
[PlyCount "120"]
[EventDate "2012.11.22"]

1. e4 e6 2. d4 d5 3. Nc3 Nf6 4. e5 Nfd7 5. f4 c5 6. Nf3 Nc6 7. Be3 Be7 8. a3 a6
9. Qd2 cxd4 10. Nxd4 Nxd4 11. Bxd4 f6 12. exf6 Nxf6 13. Be2 O-O 14. O-O Bd7 15.
Qe3 Rc8 16. Bb6 Qe8 17. Rae1 Bd6 18. Bd4 Qg6 19. Qd3 Qh6 20. g3 Qh3 21. Qf3 Bc5
22. Bxc5 Rxc5 23. Bd3 Ng4 24. Qg2 Qh6 25. h3 Nf6 26. Re5 Ne8 27. Kh2 Nd6 28.
Qf3 Nc4 29. Bxc4 Rxc4 30. Rf2 Qg6 31. Nxd5 Re8 32. Ne3 Bc6 33. Qg4 Qxg4 34.
hxg4 Rd4 35. Ng2 Rd1 36. Re1 Rd4 37. g5 g6 38. Ne3 Re7 39. Ng4 Kg7 40. Ne5 Bd5
41. c3 Ra4 42. Kh3 h5 43. gxh6+ Kxh6 44. Rh2 Kg7 45. Kg4 Kf6 46. Rh6 Rg7 47.
Re2 Bb3 48. Rd2 Re4 49. Rd8 Re1 50. Rf8+ Ke7 51. Rhh8 Ba4 52. Rb8 Kd6 53. Rhd8+
Kc7 54. Rbc8+ Kb6 55. Nc4+ Kb5 56. Nd6+ Kb6 57. b4 Rd1 58. c4 Rc7 59. c5+ Kc6
60. Rxc7+ Kxc7 0-1

[Event "C.to Provinciale NA"]
[Site "Napoli ITA"]
[Date "2012.12.20"]
[Round "6"]
[White "Di Gennaro, Antonio"]
[Black "Solombrino, Giovanni"]
[WhiteElo "1666"]
[BlackElo "1838"]
[Result "1/2-1/2"]
[PlyCount "42"]
[EventDate "2012.11.22"]

1. e4 c5 2. Nf3 Nc6 3. d4 cxd4 4. Nxd4 g6 5. c4 Bg7 6. Be3 Nf6 7. Nc3 Ng4 8.
Qxg4 Nxd4 9. Qd1 Ne6 10. Rc1 O-O 11. b4 d6 12. Be2 b6 13. O-O Bb7 14. f3 Rc8
15. Qd2 Qc7 16. Nd5 Qd8 17. Rfd1 Nc7 18. Nc3 Ne6 19. Nd5 Bxd5 20. cxd5 Nc7 21.
Rc6 Ne8 1/2-1/2

[Event "C.to Provinciale NA"]
[Site "Napoli ITA"]
[Date "2012.12.20"]
[Round "6"]
[White "Messina, Enrico"]
[Black "Somma, Andrea"]
[WhiteElo "2225"]
[BlackElo "1863"]
[Result "1-0"]
[PlyCount "61"]
[EventDate "2012.11.22"]

1. e4 d5 2. exd5 Qxd5 3. Nf3 Bg4 4. Be2 Nf6 5. h3 Bh5 6. O-O Nc6 7. Nc3 Qd7 8.
b4 Nd5 9. Nxd5 Qxd5 10. c4 Qd8 11. b5 Bxf3 12. Bxf3 Ne5 13. Bxb7 Rb8 14. Bd5 e6
15. Re1 Bd6 16. d4 exd5 17. dxe5 Bb4 18. Bd2 Bxd2 19. Qxd2 dxc4 20. Qb4 Qd7 21.
a4 c6 22. Rad1 Qe7 23. Qxc4 cxb5 24. Qc6+ Kf8 25. Rd7 Qe8 26. axb5 Kg8 27. e6
f6 28. Qc7 Rc8 29. Rxg7+ Kf8 30. Rf7+ Kg8 31. Qg3# 1-0

[Event "C.to Provinciale NA"]
[Site "Napoli ITA"]
[Date "2012.12.20"]
[Round "6"]
[White "Russo Spena, Vincenzo"]
[Black "Somma, Erminio"]
[WhiteElo "1485"]
[BlackElo "1607"]
[Result "0-1"]
[PlyCount "58"]
[EventDate "2012.11.22"]

1. c4 f5 2. d4 g6 3. Bg5 Bg7 4. Nc3 Nf6 5. Nf3 d6 6. Qc1 h6 7. Bxf6 Bxf6 8. e4
fxe4 9. Nxe4 Bg7 10. Bd3 O-O 11. O-O Bf5 12. Nh4 e6 13. Nf3 d5 14. Nc5 Bxd3 15.
Nxd3 Nc6 16. Nde5 Nxe5 17. dxe5 d4 18. Qd2 c5 19. Rfe1 Rf5 20. a4 a5 21. g4
Rxf3 22. Qe2 Rf4 23. h3 Qh4 24. f3 Qxh3 25. Rf1 Raf8 26. Qd3 Qg3+ 27. Kh1 Kh7
28. Rae1 Rxf3 29. Qe2 Qh3+ 0-1

[Event "C.to Provinciale NA"]
[Site "Napoli ITA"]
[Date "2012.12.20"]
[Round "6"]
[White "Schiappoli, Dario"]
[Black "Di Meo, Antonio"]
[WhiteElo "1904"]
[BlackElo "1928"]
[Result "1/2-1/2"]
[PlyCount "67"]
[EventDate "2012.11.22"]

1. e4 e6 2. d4 a6 3. Be3 b5 4. Bd3 Bb7 5. Nd2 Nf6 6. Ngf3 c5 7. dxc5 Qc7 8. O-O
Nc6 9. c3 Ng4 10. b4 Nxe3 11. fxe3 Be7 12. a4 bxa4 13. Nc4 Bf6 14. Nd6+ Ke7 15.
e5 Bxe5 16. Nxe5 Nxe5 17. Qh5 f6 18. Be2 Raf8 19. Rxa4 Qc6 20. Bf3 Qxa4 21.
Bxb7 Nf7 22. Qe2 Nxd6 23. cxd6+ Kxd6 24. Bxa6 Qc6 25. Rd1+ Ke7 26. Bb5 Qc7 27.
Rxd7+ Qxd7 28. Bxd7 Kxd7 29. Qd3+ Ke7 30. Qb5 Rd8 31. Qc5+ Kf7 32. c4 Rhe8 33.
b5 Rc8 34. Qb4 1/2-1/2

[Event "C.to Provinciale NA"]
[Site "Napoli ITA"]
[Date "2012.12.20"]
[Round "6"]
[White "Zinnai, Graziano Matteo"]
[Black "Gallina, Giacomo"]
[WhiteElo "2034"]
[BlackElo "1705"]
[Result "1-0"]
[PlyCount "75"]
[EventDate "2012.11.22"]

1. e4 b6 2. d4 Bb7 3. Bd3 g6 4. Nf3 Bg7 5. c3 d6 6. O-O e6 7. Nbd2 Nd7 8. Re1
Ne7 9. Nf1 O-O 10. Ng3 a5 11. h4 h6 12. Be3 e5 13. Qd2 Kh7 14. h5 exd4 15. cxd4
Nf6 16. Qc2 Ng4 17. Bd2 g5 18. e5+ Kh8 19. Nf5 Nxf5 20. Bxf5 dxe5 21. Bxg4 exd4
22. Rac1 c5 23. Ne5 Bxe5 24. Rxe5 d3 25. Qb3 Qd4 26. Bc3 d2 27. Rd1 c4 28. Bxd4
cxb3 29. axb3 f6 30. Re7 Bd5 31. Rxd2 Bxb3 32. Bf5 b5 33. Bc3 Rf7 34. Rxf7 Bxf7
35. Bxf6+ Kg8 36. Rd8+ Rxd8 37. Bxd8 Bxh5 38. Bxa5 1-0

[Event "C.to Provinciale NA"]
[Site "Napoli ITA"]
[Date "2013.01.17"]
[Round "7"]
[White "Auletta, Angelo"]
[Black "Somma, Andrea"]
[WhiteElo "2190"]
[BlackElo "1863"]
[Result "1/2-1/2"]
[PlyCount "87"]
[EventDate "2012.11.22"]

1. e4 d5 2. exd5 Qxd5 3. Nc3 Qa5 4. d4 Nf6 5. Nf3 c6 6. h3 Bf5 7. Bd3 Bxd3 8.
Qxd3 e6 9. Bd2 Bb4 10. O-O Nbd7 11. a3 Bxc3 12. Bxc3 Qc7 13. Rfe1 O-O 14. Bd2
h6 15. Rad1 Rad8 16. Qe2 Nd5 17. c4 Ne7 18. Bc3 Rfe8 19. g3 a6 20. a4 b6 21. b3
Rb8 22. Qc2 b5 23. axb5 axb5 24. Ra1 Ra8 25. Bb4 Nb6 26. Ne5 bxc4 27. bxc4 Nd7
28. Nxd7 Qxd7 29. Bxe7 Qxe7 30. Qe4 Qd7 31. h4 Red8 32. Rxa8 Rxa8 33. Rb1 Rd8
34. Rb6 Qxd4 35. Qxd4 Rxd4 36. Rxc6 Kf8 37. Rc7 h5 38. Kf1 g6 39. Ke2 Kg7 40.
Ke3 Rd1 41. Ra7 Kf6 42. Ra2 e5 43. Rc2 Ke6 44. c5 1/2-1/2

[Event "C.to Provinciale NA"]
[Site "Napoli ITA"]
[Date "2013.01.17"]
[Round "7"]
[White "Capozzoli, Silvio"]
[Black "Baccelliere, Antonio"]
[WhiteElo "1860"]
[BlackElo "1434"]
[Result "1/2-1/2"]
[PlyCount "76"]
[EventDate "2012.11.22"]

1. e4 e5 2. Nf3 Nc6 3. Nc3 Nf6 4. a3 Be7 5. Bc4 O-O 6. d3 d6 7. O-O Bg4 8. h3
Bh5 9. g4 Bg6 10. Nh2 Nd4 11. Ba2 Nd7 12. f4 exf4 13. Bxf4 Bf6 14. Nf3 Nc6 15.
d4 Re8 16. Re1 h6 17. Qd2 a5 18. g5 hxg5 19. Nxg5 Bxd4+ 20. Kh2 Bxc3 21. bxc3
Nde5 22. Qf2 Qe7 23. Rg1 Nd7 24. Rae1 Nf6 25. Qg2 Nh5 26. Rgf1 Rf8 27. Qf3 Nxf4
28. Qxf4 Qe5 29. Kg2 Qxf4 30. Rxf4 Ne5 31. Ref1 b5 32. h4 c5 33. Bd5 Rab8 34.
Rh1 Bh5 35. Rhf1 b4 36. cxb4 cxb4 37. axb4 Rxb4 38. Ne6 Re8 1/2-1/2

[Event "C.to Provinciale NA"]
[Site "Napoli ITA"]
[Date "2013.01.17"]
[Round "7"]
[White "Gallina, Giacomo"]
[Black "Di Gennaro, Antonio"]
[WhiteElo "1705"]
[BlackElo "1666"]
[Result "1-0"]
[PlyCount "81"]
[EventDate "2012.11.22"]

1. e4 c5 2. Nc3 Nc6 3. Bc4 e6 4. f4 g6 5. d3 Bg7 6. Nf3 Nge7 7. Bb3 O-O 8. O-O
Na5 9. Qe1 Nec6 10. Ne2 Nxb3 11. axb3 b6 12. Kh1 Bb7 13. Ng5 h6 14. Nf3 d5 15.
e5 Nb4 16. Qd1 d4 17. Bd2 Nc6 18. Qe1 f6 19. exf6 Rxf6 20. Ng3 Bc8 21. Ne4 Rf8
22. Qg3 Ne7 23. Nh4 Kh7 24. Rae1 Qd5 25. c4 Qc6 26. b4 a5 27. b5 Qc7 28. Nf3
Nf5 29. Qh3 e5 30. g4 Ne3 31. Bxe3 dxe3 32. fxe5 Bxe5 33. Nfg5+ Kg7 34. Rxf8
Kxf8 35. Qxh6+ Qg7 36. Qh4 Qh8 37. Nh7+ Kg8 38. Qe7 Qxh7 39. Qe8+ Kg7 40. Qxe5+
Kf8 41. Rf1+ 1-0

[Event "C.to Provinciale NA"]
[Site "Napoli ITA"]
[Date "2013.01.17"]
[Round "7"]
[White "Miccoli, Livio"]
[Black "Farina, Walter"]
[WhiteElo "1616"]
[BlackElo "1639"]
[Result "1-0"]
[PlyCount "69"]
[EventDate "2012.11.22"]

1. e4 e5 2. Nf3 Nc6 3. Bb5 a6 4. Bxc6 dxc6 5. d4 exd4 6. Qxd4 Qd6 7. Be3 Bg4 8.
Nc3 Qxd4 9. Bxd4 Bxf3 10. gxf3 O-O-O 11. O-O-O f6 12. f4 Be7 13. Rhg1 g6 14.
Rd2 Nh6 15. f3 Rhf8 16. Nd1 Nf7 17. Ne3 Nd6 18. c4 Ne8 19. Rgd1 Ng7 20. Bc3 Bc5
21. Rxd8+ Rxd8 22. Rxd8+ Kxd8 23. Bxf6+ Ke8 24. Kd2 Ne6 25. Be5 Bd4 26. b3 Bxe5
27. fxe5 Ke7 28. Ng4 Ng5 29. Ke3 c5 30. Nf6 Ke6 31. f4 Nf7 32. Nxh7 c6 33. Nf8+
Ke7 34. Nxg6+ Ke6 35. f5+ 1-0

[Event "C.to Provinciale NA"]
[Site "Napoli ITA"]
[Date "2013.01.17"]
[Round "7"]
[White "Sgammato, Francesco"]
[Black "Zinnai, Graziano Matteo"]
[WhiteElo "1688"]
[BlackElo "2034"]
[Result "0-1"]
[PlyCount "72"]
[EventDate "2012.11.22"]

1. c4 e6 2. Nf3 d5 3. d4 Be7 4. Nc3 Nf6 5. Bg5 c6 6. e3 O-O 7. cxd5 exd5 8. Be2
Ne4 9. Bxe7 Qxe7 10. Nxe4 dxe4 11. Nd2 Nd7 12. O-O Nf6 13. Rc1 Bf5 14. Rc5 Qd7
15. Nb3 Nd5 16. a3 b6 17. Rc2 a5 18. Qc1 Rac8 19. Rd1 Qd6 20. Nd2 Qg6 21. Nf1
Bd7 22. Ba6 Rb8 23. Bc4 h5 24. Be2 h4 25. Kh1 h3 26. gxh3 Bxh3 27. Ng3 Rbc8 28.
Rg1 Bg4 29. Bf1 f5 30. Bg2 Rf6 31. Ne2 Qh5 32. Nf4 Nxf4 33. exf4 Rh6 34. h3
Bxh3 35. Re1 Bxg2+ 36. Kxg2 Qh3+ 0-1

[Event "C.to Provinciale NA"]
[Site "Napoli ITA"]
[Date "2013.01.17"]
[Round "7"]
[White "Solombrino, Giovanni"]
[Black "Borrelli, Salvatore"]
[WhiteElo "1838"]
[BlackElo "1937"]
[Result "1-0"]
[PlyCount "41"]
[EventDate "2012.11.22"]

1. e4 e6 2. d4 d5 3. Nd2 h6 4. Bd3 c5 5. c3 Nc6 6. Ne2 dxe4 7. Nxe4 cxd4 8.
cxd4 Nxd4 9. Nxd4 Nf6 10. Nxf6+ gxf6 11. O-O f5 12. Re1 Be7 13. Bf4 Qd5 14. Re5
Qd8 15. Re3 Kf8 16. Qh5 Bg5 17. Qf3 Bxf4 18. Qxf4 Qg5 19. Qe5 f6 20. Qd6+ Kf7
21. Rc1 1-0

[Event "C.to Provinciale NA"]
[Site "Napoli ITA"]
[Date "2013.01.17"]
[Round "7"]
[White "Somma, Erminio"]
[Black "Angelotti, Mario"]
[WhiteElo "1607"]
[BlackElo "1757"]
[Result "0-1"]
[PlyCount "42"]
[EventDate "2012.11.22"]

1. d4 Nf6 2. Nf3 e6 3. e3 b6 4. Nbd2 c5 5. c3 Bb7 6. Bd3 Nc6 7. O-O Qc7 8. Re1
Be7 9. e4 d5 10. e5 Nd7 11. Nf1 cxd4 12. cxd4 a5 13. a3 O-O 14. Bf4 Rac8 15.
Rc1 Qd8 16. N3d2 Nxd4 17. Qg4 f5 18. Qg3 Rxc1 19. Rxc1 Nc5 20. Be3 Nxd3 21. Rc3
Ne2+ 0-1

[Event "C.to Provinciale NA"]
[Site "Napoli ITA"]
[Date "2013.01.17"]
[Round "7"]
[White "Taurisano, Vincenzo"]
[Black "Schiappoli, Dario"]
[WhiteElo "1851"]
[BlackElo "1904"]
[Result "0-1"]
[PlyCount "86"]
[EventDate "2012.11.22"]

1. e4 c5 2. d4 cxd4 3. c3 d3 4. Bxd3 Nc6 5. Nf3 d6 6. h3 g6 7. Nbd2 Bg7 8. O-O
Nf6 9. Nb3 O-O 10. Be3 Qc7 11. Nbd4 a6 12. Qd2 Ne5 13. Nxe5 dxe5 14. Ne2 Rd8
15. Qc2 Be6 16. f3 Rac8 17. a4 Nh5 18. Kh2 Nf4 19. Nxf4 exf4 20. Bf2 Qe5 21.
Rfd1 Qh5 22. Bf1 g5 23. Rxd8+ Rxd8 24. Rd1 Rc8 25. Be2 Qg6 26. Bd4 h5 27. Bxg7
Kxg7 28. Qd2 Rc6 29. Qd4+ f6 30. Qd8 Kf7 31. Qb8 Rc8 32. Qxb7 g4 33. h4 gxf3
34. Bxf3 Qg3+ 35. Kg1 Rg8 36. e5 fxe5 37. Bxh5+ Kf6 38. Qf3 Qxh4 39. Rd3 Rg5
40. Be8 Bf5 41. Rd2 Qe1+ 42. Kh2 Qxd2 43. Qc6+ Qd6 0-1